|
|
|
|
| LEADER |
00000cam a2200000 i 4500 |
| 001 |
1/57545 |
| 008 |
040614s1983 gre d |
| 035 |
|
|
|l 10073790
|
| 040 |
|
|
|a GR-MY-UA
|b gre
|e aacr
|
| 041 |
0 |
|
|a gre
|
| 082 |
0 |
|
|a 371.2609495
|
| 100 |
1 |
|
|a Τσιμπούκης, Κωνσταντίνος Ι.,
|d 1934-
|
| 245 |
1 |
2 |
|a Ο θεσμός των εισαγωγικών διαγωνισμών για τα ανώτατα εκπαιδευτικά ιδρύματα /
|c Κωνστ. Ιωαν. Τσιμπούκη
|
| 260 |
|
|
|a Αθήνα :
|b [χ.ό.],
|c 1983
|
| 300 |
|
|
|a 190 σ.
|
| 650 |
0 |
0 |
|a Education
|z Greece.
|
| 650 |
0 |
0 |
|a Education and state.
|
| 650 |
0 |
0 |
|a Education
|x Social aspects
|z Greece.
|
| 852 |
|
|
|a INST
|b RHODES
|c AKA
|e 20040616
|h 371.2609495 ΤΣΙ
|p 005400018789
|q 005400018789
|t BK
|y 0
|
| 852 |
|
|
|a INST
|b RHODES
|c AKA
|e 20040616
|h 371.2609495 ΤΣΙ
|p 005400018790
|q 005400018790
|t BK
|y 0
|
| 852 |
|
|
|a INST
|b RHODES
|c AKA
|e 20040616
|h 371.2609495 ΤΣΙ
|p 005400018791
|q 005400018791
|t BK
|y 0
|
| 852 |
|
|
|a INST
|b RHODES
|c AKA
|e 20040614
|h 371.2609495 ΤΣΙ
|p 005400018802
|q 005400018802
|t BK
|y 0
|
| 852 |
|
|
|a INST
|b RHODES
|c AKA
|e 20040614
|h 371.2609495 ΤΣΙ
|p 005400018803
|q 005400018803
|t BK
|y 0
|
| 901 |
|
|
|a BIBL4-2004-2
|
| 909 |
|
|
|a Ρ
|b 105108
|
| 909 |
|
|
|a Ρ
|b 105109
|
| 909 |
|
|
|a Ρ
|b 105714
|
| 909 |
|
|
|a Ρ
|b 105715
|
| 909 |
|
|
|a Ρ
|b 105716
|
| 970 |
|
|
|a ΚΟΥΛΑΚΙΟΤΗ
|b ΛΙΤΣΑ
|z 2004/06/14
|